| 000 | 03223cam a22003614a 4500 | ||
|---|---|---|---|
| 001 | 8408 | ||
| 003 | FISKH | ||
| 005 | 20250910154159.0 | ||
| 008 | 040715s2005 nyua j 000 0 eng | ||
| 010 | _a 2004016638 | ||
| 020 |
_a0439443903 _qalk. paper |
||
| 020 | _a9780439443906 | ||
| 020 |
_a9780439443906 _q(alk. paper) |
||
| 035 | _a13655852 | ||
| 040 |
_aDLC _cDLC _dDLC _beng |
||
| 050 | 0 | 0 |
_aQA115 _b.T3575 2005 |
| 082 | 0 | 0 |
_a793.74 _222 |
| 100 | 1 | _aTang, Greg. | |
| 245 | 1 | 0 |
_aMath potatoes : _bmind-stretching brain food / _cby Greg Tang ; illustrated by Harry Briggs. |
| 260 |
_aNew York : _bScholastic Press, _c2005. |
||
| 300 |
_a38 pages : _bcolor illustrations ; _c27 cm |
||
| 336 |
_atext _btxt _2rdacontent |
||
| 337 |
_aunmediated _bn _2rdamedia |
||
| 338 |
_avolume _bnc _2rdacarrier |
||
| 505 | _aNP | ||
| 520 | _aReaders who have graduated from THE GRAPES OF MATH will find new, more advanced math challenges. Greg Tang is back with his bestselling approach to addition and subtraction: problem solving. By solving challenges that encourage kids to "group" numbers rather than memorize formulas, even the most reluctant math learners are inspired to see math in a whole new way! Math Potatoes is full of Tang and Briggs' trademark humor, wit, and extraordinary creativity. Tang has proven over and over that math can be fun, and this new addition to his acclaimed series of mind-stretching math riddles is sure to be another hit. Greg Tang was tutoring math in his daughter's class when he noticed something interesting about the dominoes they were using. Each white dot had a pencil mark on it, which meant the children had been counting them one at a time. Mr. Tang taught them to look for patterns instead, and to add and subtract groups of dots in order to calculate the dominoes' value quickly. From there, he developed a new method of teaching arithmetic in a visual and spontaneous way. His method teaches both computational and problem-solving skills, and is so fun and challenging that children forget they are learning math! He believes that all kids are capable of doing well in math, and he has a mission to make math a natural part of every child's life. He has successfully taught his method to children from ages five to ten.Grapes of Math and Math for All Seasons are part of a series of books that will help children gain the range of skills needed for higher math. His books challenge and encourage children to use creativity and common sense to solve problems, rather than formulas and memorization.Greg Tang has an impressive mathematics background. He earned his B.A. and M.A. degrees in economics from Harvard, and he also holds an M.A. degree in Math Education from New York University. He has applied his problem-solving methods in building successful companies and products in a variety of industries. Greg Tang currently lives in Belmont, Massachusetts, with his family. | ||
| 650 | 0 |
_aArithmetic _vJuvenile literature. |
|
| 655 | 7 |
_aLiterature. _2lcgft _0https://id.loc.gov/authorities/genreForms/gf2014026415 |
|
| 700 | 1 |
_aBriggs, Harry _c(Illustrator), _eillustrator |
|
| 906 |
_a7 _bcbc _corignew _d1 _eecip _f20 _gy-gencatlg |
||
| 942 |
_2ddc _cBK _n0 |
||
| 999 |
_c8408 _d8408 |
||